| 000 | 00482nam a2200181 4500 | ||
|---|---|---|---|
| 001 | 27192 | ||
| 005 | 20230411085954.0 | ||
| 008 | 060907n1967 dr spa | ||
| 035 | _9funglode27397 | ||
| 041 | _aES | ||
| 100 | _aAmerican, Scientific | ||
| 245 | 1 |
_aFísica y química de la vida / _cScientific American |
|
| 260 |
_aMadrid : _bAlianza Editorial, _c1967 |
||
| 300 | _a309 p. | ||
| 440 |
_aCol. Ciencia y Técnica ; _v77 |
||
| 490 | _a \ | ||
| 942 |
_2lcc _cbk |
||
| 999 |
_c110250 _d110250 |
||